000 00513nam a2200205Ia 4500
003 GCL
005 20240530100255.0
008 140319s9999 xx 000 0 eng d
040 _aGCL /
_cGCL
082 0 4 _a791.43
_bN A
100 1 _aNELMES, JILL
245 1 0 _aAN INTRODUCTION TO FILM STUDIES /
_cNELMES, JILL
260 _a[S.N] :
_bROUTLEDGE ،
_c1996
300 _a462 P
650 0 4 _aARTS
650 0 4 _aMOTION PICTURES
650 0 4 _aACTING
650 0 4 _aMOTION PICTURES - HISTORY
942 _2ddc
_cBK
999 _c15916
_d15916